| 000 | nam a22 a 4500 | ||
|---|---|---|---|
| 999 |
_c428 _d428 |
||
| 005 | 20170503161734.0 | ||
| 008 | 170503b1974 -us||||| |||| 00| 0 eng d | ||
| 020 |
_a 0030897157 : _c£8.50 |
||
| 040 | _aAKMAL | ||
| 082 | 0 | 4 | _a150 MCC |
| 090 |
_a150 _bMCC |
||
| 100 | 1 |
_aMcConnell, James V. _9993 |
|
| 245 | 1 | 0 |
_aUnderstanding human behavior : _ban introduction to psychology / _cJames V. McConnell. |
| 250 | _a2nd ed. | ||
| 260 | _aNew York ; | ||
| 260 |
_aLondon : _bHolt, Rinehart and Winston, _c1977. |
||
| 300 |
_axv,736p.,[8]p. of plates : _bill(some col), maps, ports. ; _c29cm |
||
| 500 | _aPrevious ed.: 1974. | ||
| 500 | _aBibliography: p.710-729. _ Includes index. | ||
| 599 | _aDALAM PROSES | ||
| 650 | 0 |
_aHuman behavior. _9994 |
|
| 852 | 4 |
_aBritish Library _b DSC |
|
| 852 | 4 | 1 |
_aBritish Library _bHMNTS |
| 942 |
_2ddc _cBOOK |
||